000 01003nam a2200253 a 4500
001 000035333
005 20240508073816.0
008 111027s2011 dr 001 0 spa d
020 _a9789945020762
040 _aDO-SdBNP
_bspa
_cBNPHU
082 _a972.9304
_bV422m
100 1 _aVega B., Wenceslao,
_d1932-
_938670
245 1 3 _aLa mediación extranjera en las guerras dominicanas de independencia :
_b1849-1856.
260 _aSanto Domingo :
_bArchivo General de la Nación,
_c2011.
300 _a189 p. ;
_c23 cm.
490 1 _aArchivo General de la Nación
_v139
500 _aIncluye datos biográficos del autor en las solapas de la cubierta.
500 _aIncluye referencias bibliográficas y notas al pie de las páginas.
504 _aBibliografía: p. 171-173.
590 _aInventariado, 2020/MF
650 4 _aMediación internacional
_zRepública Dominicana
_961112
651 0 _aRepública Dominicana --
_xHistoria --
_y1844-1930
_91009
910 _aValidado. Control de calidad EMS.
999 _c34824
_d34824